[Event "WCO2014"]
[Site "Tromso"]
[Date "2014.08.09"]
[Round "7.16"]
[WhiteID "325449"]
[White "Olsarova Tereza"]
[BlackID "11600241"]
[Black "Erneste Inguna"]
[Result "1-0"]
[LiveChessVersion "1.4.3"]
[BlackElo "2200"]
[WhiteElo "2271"]

1. e4 {[%clk 1:30:58]} e5 {[%clk 1:30:55]} 2. Nf3 {[%clk 1:31:23]} Nc6
{[%clk 1:31:17]} 3. d4 {[%clk 1:31:44]} exd4 {[%clk 1:31:40]} 4. Nxd4
{[%clk 1:32:09]} Nf6 {[%clk 1:31:14]} 5. Nxc6 {[%clk 1:32:30]} bxc6
{[%clk 1:31:02]} 6. e5 {[%clk 1:32:54]} Nd5 {[%clk 1:31:07]} 7. c4
{[%clk 1:33:17]} Ne7 {[%clk 1:30:49]} 8. Bd3 {[%clk 1:33:37]} Ng6
{[%clk 1:14:24]} 9. O-O {[%clk 1:33:59]} d6 {[%clk 0:57:57]} 10. exd6
{[%clk 1:34:14]} Bxd6 {[%clk 0:55:53]} 11. Re1+ {[%clk 1:34:36]} Be6
{[%clk 0:49:10]} 12. Nc3 {[%clk 1:34:32]} O-O {[%clk 0:46:07]} 13. Ne4
{[%clk 1:18:20]} Bb4 {[%clk 0:38:55]} 14. Bg5 {[%clk 1:08:45]} Qd7
{[%clk 0:30:56]} 15. Nc3 {[%clk 1:03:20]} Rfe8 {[%clk 0:29:05]} 16. Qc2
{[%clk 1:03:19]} f6 {[%clk 0:17:10]} 17. Be3 {[%clk 1:00:04]} Qf7
{[%clk 0:16:18]} 18. Be4 {[%clk 0:56:29]} Bd7 {[%clk 0:15:43]} 19. Red1
{[%clk 0:50:11]} Bd6 {[%clk 0:14:22]} 20. Qa4 {[%clk 0:43:52]} f5
{[%clk 0:13:07]} 21. c5 {[%clk 0:39:34]} Bxh2+ {[%clk 0:11:22]} 22. Kxh2
{[%clk 0:40:03]} fxe4 {[%clk 0:11:45]} 23. Nxe4 {[%clk 0:39:50]} Ne5
{[%clk 0:11:49]} 24. Ng5 {[%clk 0:37:07]} Qh5+ {[%clk 0:10:33]} 25. Kg1
{[%clk 0:37:36]} h6 {[%clk 0:10:06]} 26. Bf4 {[%clk 0:30:32]} hxg5
{[%clk 0:05:44]} 27. Bxe5 {[%clk 0:31:01]} Rxe5 {[%clk 0:05:39]} 28. Rxd7
{[%clk 0:31:29]} Rae8 {[%clk 0:05:35]} 29. Qb3+ {[%clk 0:31:49]} Kh8
{[%clk 0:05:22]} 30. Qc3 {[%clk 0:27:16]} R5e7 {[%clk 0:05:14]} 31. Rad1
{[%clk 0:26:46]} Qf7 {[%clk 0:03:51]} 32. b3 {[%clk 0:15:21]} Re1+
{[%clk 0:02:53]} 33. Rxe1 {[%clk 0:14:01]} Rxe1+ {[%clk 0:03:05]} 34. Qxe1
{[%clk 0:14:25]} Qxd7 {[%clk 0:03:31]} 35. Qe4 {[%clk 0:12:14]} Qd1+
{[%clk 0:03:31]} 36. Kh2 {[%clk 0:12:43]} Qd2 {[%clk 0:03:39]} 37. f3
{[%clk 0:06:04]} Qd7 {[%clk 0:04:00]} 38. Qe5 {[%clk 0:06:04]} Qd8
{[%clk 0:03:12]} 39. Kg3 {[%clk 0:05:37]} a6 {[%clk 0:02:35]} 40. a3
{[%clk 0:02:59]} a5 {[%clk 0:02:39]} 41. Kg4 {[%clk 0:03:02]} Qd2
{[%clk 0:26:34]} 42. g3 {[%clk 0:32:59]} Qc1 {[%clk 0:23:20]} 43. a4
{[%clk 0:33:14]} Qd1 {[%clk 0:23:04]} 44. Kxg5 {[%clk 0:19:30]} Qxb3
{[%clk 0:11:12]} 45. Qe8+ {[%clk 0:16:38]} Kh7 {[%clk 0:11:39]} 46. Qe4+
{[%clk 0:16:56]} Kg8 {[%clk 0:10:44]} 47. Qxc6 {[%clk 0:16:36]} Qf7
{[%clk 0:05:26]} 48. f4 {[%clk 0:16:06]} Qe7+ {[%clk 0:05:41]} 49. Kf5
{[%clk 0:15:00]} Qf7+ {[%clk 0:06:00]} 50. Ke5 {[%clk 0:12:45]} Qh5+
{[%clk 0:06:03]} 51. f5 {[%clk 0:12:58]} Qe2+ {[%clk 0:06:07]} 52. Qe4
{[%clk 0:12:55]} Qb2+ {[%clk 0:05:31]} 53. Qd4 {[%clk 0:11:07]} Qe2+
{[%clk 0:05:04]} 54. Kf4 {[%clk 0:11:32]} Qf1+ {[%clk 0:04:46]} 55. Ke5
{[%clk 0:10:12]} Qe1+ {[%clk 0:03:13]} 56. Kf4 {[%clk 0:10:41]} Qf1+
{[%clk 0:03:31]} 57. Kg4 {[%clk 0:10:47]} c6 {[%clk 0:03:55]} 58. Qe4
{[%clk 0:07:14]} Qd1+ {[%clk 0:03:42]} 59. Kh4 {[%clk 0:07:43]} Qd8+
{[%clk 0:03:04]} 60. Kh3 {[%clk 0:07:53]} Qc7 {[%clk 0:03:00]} 61. Qe6+
{[%clk 0:08:07]} Kh8 {[%clk 0:02:57]} 62. Kg4 {[%clk 0:08:20]} Kh7
{[%clk 0:02:58]} 63. Qd6 {[%clk 0:07:06]} Qc8 {[%clk 0:03:03]} 64. Kg5
{[%clk 0:06:48]} Kh8 {[%clk 0:03:19]} 65. Qe6 {[%clk 0:05:44]} Qc7
{[%clk 0:02:36]} 66. g4 {[%clk 0:05:39]} Kh7 {[%clk 0:02:19]} 67. Qg6+
{[%clk 0:05:58]} Kh8 {[%clk 0:02:35]} 68. Qd6 {[%clk 0:06:14]} Qc8
{[%clk 0:02:46]} 69. Qe6 {[%clk 0:06:22]} Qc7 {[%clk 0:03:07]} 70. Kg6
{[%clk 0:05:52]} 1-0

[Event "WCO2014"]
[Site "Tromso"]
[Date "2014.08.09"]
[Round "7.36"]
[WhiteID "5300517"]
[White "Mouradian Knarik"]
[BlackID "6101097"]
[Black "Madrigal Ana Daniela"]
[Result "1-0"]
[LiveChessVersion "1.4.3"]
[BlackElo "1986"]
[WhiteElo "2188"]

1. e4 {[%clk 1:30:52]} e5 {[%clk 1:30:23]} 2. Bc4 {[%clk 1:31:06]} Nf6
{[%clk 1:30:48]} 3. d3 {[%clk 1:31:24]} Bc5 {[%clk 1:29:47]} 4. Nf3
{[%clk 1:31:39]} Nc6 {[%clk 1:30:02]} 5. c3 {[%clk 1:31:48]} d6 {[%clk 1:30:03]}
6. Bb3 {[%clk 1:31:45]} a6 {[%clk 1:30:19]} 7. Nbd2 {[%clk 1:31:46]} Ba7
{[%clk 1:30:19]} 8. h3 {[%clk 1:31:46]} h6 {[%clk 1:30:23]} 9. Nf1
{[%clk 1:31:39]} Ne7 {[%clk 1:21:35]} 10. Ng3 {[%clk 1:32:18]} Ng6
{[%clk 1:22:19]} 11. O-O {[%clk 1:32:34]} O-O {[%clk 1:22:41]} 12. d4
{[%clk 1:32:37]} Re8 {[%clk 1:18:58]} 13. Be3 {[%clk 1:29:23]} b5
{[%clk 1:10:23]} 14. a4 {[%clk 1:17:50]} exd4 {[%clk 1:02:49]} 15. Nxd4
{[%clk 1:15:19]} Bb7 {[%clk 1:00:26]} 16. axb5 {[%clk 1:09:02]} axb5
{[%clk 0:59:14]} 17. Bc2 {[%clk 0:56:13]} Nxe4 {[%clk 0:47:54]} 18. Bxe4
{[%clk 0:52:26]} Rxe4 {[%clk 0:44:08]} 19. Nxe4 {[%clk 0:50:45]} Bxe4
{[%clk 0:44:22]} 20. Qg4 {[%clk 0:46:14]} Bb7 {[%clk 0:41:11]} 21. Ne6
{[%clk 0:39:08]} fxe6 {[%clk 0:37:30]} 22. Qxg6 {[%clk 0:38:31]} Bxe3
{[%clk 0:37:44]} 23. Qxe6+ {[%clk 0:38:38]} Kh8 {[%clk 0:37:57]} 24. Qxe3
{[%clk 0:38:41]} Qd7 {[%clk 0:33:28]} 25. Rxa8+ {[%clk 0:38:21]} Bxa8
{[%clk 0:33:55]} 26. Re1 {[%clk 0:38:27]} Kh7 {[%clk 0:33:25]} 27. Qe8
{[%clk 0:37:36]} Qxe8 {[%clk 0:33:00]} 28. Rxe8 {[%clk 0:38:00]} Bd5
{[%clk 0:31:10]} 29. Re7 {[%clk 0:35:46]} c6 {[%clk 0:30:50]} 30. Rd7
{[%clk 0:35:57]} Kg6 {[%clk 0:30:18]} 31. Rxd6+ {[%clk 0:36:11]} Kf5
{[%clk 0:30:21]} 32. f3 {[%clk 0:36:09]} h5 {[%clk 0:30:29]} 33. h4
{[%clk 0:35:06]} Kf4 {[%clk 0:26:55]} 34. Kf2 {[%clk 0:35:21]} Kf5
{[%clk 0:27:46]} 35. Ke3 {[%clk 0:34:12]} 1-0

[Event "WCO2014"]
[Site "Tromso"]
[Date "2014.08.09"]
[Round "7.35"]
[WhiteID "6101496"]
[White "Mendieta Kathya"]
[BlackID "14100908"]
[Black "Nekrasova Elena"]
[Result "1-0"]
[LiveChessVersion "1.4.3"]
[BlackElo "2076"]
[WhiteElo "1877"]

1. e4 {[%clk 1:30:43]} c5 {[%clk 1:30:54]} 2. Nc3 {[%clk 1:31:00]} Nc6
{[%clk 1:31:16]} 3. f4 {[%clk 1:31:05]} g6 {[%clk 1:31:37]} 4. Nf3
{[%clk 1:30:55]} Bg7 {[%clk 1:32:02]} 5. Bb5 {[%clk 1:30:22]} Nd4
{[%clk 1:32:12]} 6. O-O {[%clk 1:30:17]} a6 {[%clk 1:32:30]} 7. Bc4
{[%clk 1:25:40]} b5 {[%clk 1:32:22]} 8. Bd5 {[%clk 1:19:20]} Rb8 {[%clk 1:32:40]}
9. d3 {[%clk 1:17:29]} e6 {[%clk 1:32:14]} 10. Bb3 {[%clk 1:17:55]} Ne7
{[%clk 1:31:22]} 11. Qe1 {[%clk 1:14:20]} O-O {[%clk 1:24:07]} 12. Kh1
{[%clk 1:11:52]} d5 {[%clk 1:17:32]} 13. Nxd4 {[%clk 1:03:20]} cxd4
{[%clk 1:09:24]} 14. Ne2 {[%clk 1:03:13]} dxe4 {[%clk 1:06:13]} 15. dxe4
{[%clk 1:03:22]} Bb7 {[%clk 1:06:11]} 16. Ng3 {[%clk 1:03:20]} a5
{[%clk 0:48:07]} 17. a4 {[%clk 1:00:30]} b4 {[%clk 0:48:26]} 18. f5
{[%clk 0:56:41]} exf5 {[%clk 0:47:49]} 19. exf5 {[%clk 0:56:41]} Nd5
{[%clk 0:48:01]} 20. Qe2 {[%clk 0:47:08]} Re8 {[%clk 0:37:37]} 21. Qg4
{[%clk 0:42:38]} Nf6 {[%clk 0:10:35]} 22. Qg5 {[%clk 0:34:32]} Bd5
{[%clk 0:09:12]} 23. Bxd5 {[%clk 0:19:10]} Nxd5 {[%clk 0:08:51]} 24. fxg6
{[%clk 0:18:53]} hxg6 {[%clk 0:08:55]} 25. Qg4 {[%clk 0:13:26]} Ne3
{[%clk 0:06:59]} 26. Bxe3 {[%clk 0:13:47]} dxe3 {[%clk 0:06:12]} 27. Qf3
{[%clk 0:13:26]} Qe7 {[%clk 0:04:53]} 28. Rae1 {[%clk 0:09:05]} Bxb2
{[%clk 0:03:22]} 29. Qg4 {[%clk 0:08:36]} Bg7 {[%clk 0:03:03]} 30. Rf3
{[%clk 0:07:32]} Qc5 {[%clk 0:02:50]} 31. Qf4 {[%clk 0:07:32]} Re7
{[%clk 0:01:48]} 32. Qxb8+ {[%clk 0:07:46]} Kh7 {[%clk 0:02:10]} 33. Qd8
{[%clk 0:06:23]} Qc3 {[%clk 0:01:13]} 34. Qd1 {[%clk 0:05:07]} Rd7
{[%clk 0:01:36]} 35. Qe2 {[%clk 0:04:22]} Bd4 {[%clk 0:01:17]} 36. Ne4
{[%clk 0:03:19]} Qc6 {[%clk 0:01:41]} 37. Ng5+ {[%clk 0:03:01]} Kg7
{[%clk 0:02:08]} 38. Rxe3 {[%clk 0:02:07]} Bxe3 {[%clk 0:02:18]} 39. Qxe3
{[%clk 0:02:36]} Qxc2 {[%clk 0:00:47]} 40. Qe5+ {[%clk 0:00:53]} f6
{[%clk 0:00:36]} 41. Ne6+ {[%clk 0:01:22]} Kf7 {[%clk 0:00:32]} 42. Qb8
{[%clk 0:01:35]} g5 {[%clk 0:29:50]} 43. Qf8+ {[%clk 0:31:40]} Kg6
{[%clk 0:30:14]} 44. Qe8+ {[%clk 0:31:27]} Rf7 {[%clk 0:30:22]} 45. Qg8+
{[%clk 0:31:31]} 1-0

[Event "WCO2014"]
[Site "Tromso"]
[Date "2014.08.09"]
[Round "7.34"]
[WhiteID "5300800"]
[White "Jalloul Maya M."]
[BlackID "6101488"]
[Black "Granados Maria"]
[Result "1-0"]
[LiveChessVersion "1.4.3"]
[BlackElo "1899"]
[WhiteElo "1922"]

1. Nf3 {[%clk 1:30:47]} Nf6 {[%clk 1:30:49]} 2. g3 {[%clk 1:30:53]} d5
{[%clk 1:30:50]} 3. Bg2 {[%clk 1:30:10]} c5 {[%clk 1:31:10]} 4. d3
{[%clk 1:28:58]} Nc6 {[%clk 1:31:30]} 5. Nbd2 {[%clk 1:29:05]} e5
{[%clk 1:31:18]} 6. e4 {[%clk 1:29:04]} Be7 {[%clk 1:29:28]} 7. O-O
{[%clk 1:28:54]} O-O {[%clk 1:29:08]} 8. h3 {[%clk 1:26:28]} h6 {[%clk 1:28:27]}
9. Nh4 {[%clk 1:18:22]} Be6 {[%clk 1:27:22]} 10. Nf5 {[%clk 1:17:49]} Qd7
{[%clk 1:25:27]} 11. Nxe7+ {[%clk 1:16:35]} Nxe7 {[%clk 1:25:49]} 12. Kh2
{[%clk 1:16:35]} Rfd8 {[%clk 1:23:34]} 13. f4 {[%clk 1:14:55]} dxe4
{[%clk 1:13:19]} 14. fxe5 {[%clk 1:13:41]} Nfd5 {[%clk 1:08:50]} 15. Nxe4
{[%clk 1:13:46]} Qc7 {[%clk 1:06:50]} 16. Qh5 {[%clk 1:05:04]} Ng6
{[%clk 0:41:11]} 17. Bd2 {[%clk 0:50:33]} Nxe5 {[%clk 0:39:01]} 18. Bf4
{[%clk 0:47:55]} Nxf4 {[%clk 0:38:16]} 19. gxf4 {[%clk 0:48:08]} Ng6
{[%clk 0:36:55]} 20. Qxc5 {[%clk 0:47:50]} Qb8 {[%clk 0:34:46]} 21. Qf2
{[%clk 0:46:03]} Bd5 {[%clk 0:28:08]} 22. Kh1 {[%clk 0:43:33]} f5
{[%clk 0:22:41]} 23. Nf6+ {[%clk 0:40:48]} 1-0

[Event "WCO2014"]
[Site "Tromso"]
[Date "2014.08.09"]
[Round "7.33"]
[WhiteID "6100694"]
[White "Alarcon Pamela"]
[BlackID "5300819"]
[Black "Makhlouf Youmna"]
[Result "1-0"]
[LiveChessVersion "1.4.3"]
[BlackElo "1874"]
[WhiteElo "1906"]

1. d4 {[%clk 1:30:57]} Nf6 {[%clk 1:30:53]} 2. c4 {[%clk 1:31:05]} e6
{[%clk 1:31:16]} 3. Nf3 {[%clk 1:31:26]} Bb4+ {[%clk 1:31:36]} 4. Nbd2
{[%clk 1:31:46]} O-O {[%clk 1:30:19]} 5. e3 {[%clk 1:32:09]} d5 {[%clk 1:21:30]}
6. a3 {[%clk 1:31:42]} Be7 {[%clk 1:21:02]} 7. b3 {[%clk 1:32:02]} Nbd7
{[%clk 1:19:17]} 8. Bb2 {[%clk 1:32:00]} c6 {[%clk 1:09:46]} 9. Bd3
{[%clk 1:32:07]} b6 {[%clk 1:06:48]} 10. Qc2 {[%clk 1:32:25]} Bb7
{[%clk 1:05:17]} 11. Ne5 {[%clk 1:32:05]} c5 {[%clk 0:58:39]} 12. O-O
{[%clk 1:32:19]} Rc8 {[%clk 0:54:54]} 13. f4 {[%clk 1:32:38]} cxd4
{[%clk 0:49:31]} 14. exd4 {[%clk 1:32:57]} dxc4 {[%clk 0:47:18]} 15. bxc4
{[%clk 1:31:43]} g6 {[%clk 0:41:58]} 16. Rae1 {[%clk 1:30:45]} Nxe5
{[%clk 0:34:42]} 17. fxe5 {[%clk 1:29:33]} Ne8 {[%clk 0:32:15]} 18. Re3
{[%clk 1:14:30]} Ng7 {[%clk 0:28:34]} 19. Rg3 {[%clk 1:12:13]} Bg5
{[%clk 0:25:12]} 20. Ne4 {[%clk 1:08:15]} Bxe4 {[%clk 0:23:41]} 21. Bxe4
{[%clk 1:08:40]} f5 {[%clk 0:14:26]} 22. Rgf3 {[%clk 0:59:01]} Qd7
{[%clk 0:11:26]} 23. Bd3 {[%clk 0:59:02]} Rf7 {[%clk 0:06:46]} 24. Qb3
{[%clk 0:59:10]} Rd8 {[%clk 0:05:50]} 25. Bb1 {[%clk 0:58:53]} Kh8
{[%clk 0:05:32]} 26. Rd1 {[%clk 0:59:05]} Qc7 {[%clk 0:04:35]} 27. Kh1
{[%clk 0:51:40]} Bh6 {[%clk 0:03:54]} 28. d5 {[%clk 0:51:35]} Rfd7
{[%clk 0:02:47]} 29. Ba2 {[%clk 0:44:54]} Qc8 {[%clk 0:01:38]} 30. Qc3
{[%clk 0:40:22]} Kg8 {[%clk 0:01:00]} 31. Qe1 {[%clk 0:40:23]} Qc5
{[%clk 0:00:41]} 32. Bd4 {[%clk 0:39:30]} Qc8 {[%clk 0:00:39]} 33. Qh4
{[%clk 0:39:30]} Nh5 {[%clk 0:00:49]} 34. dxe6 {[%clk 0:34:32]} Rxd4
{[%clk 0:01:13]} 35. Rxd4 {[%clk 0:34:58]} Rxd4 {[%clk 0:00:58]} 36. Qxd4
{[%clk 0:35:23]} Qxe6 {[%clk 0:00:50]} 37. Bb3 {[%clk 0:35:32]} Bg7
{[%clk 0:00:35]} 1-0

[Event "WCO2014"]
[Site "Tromso"]
[Date "2014.08.09"]
[Round "7.9"]
[WhiteID "13903284"]
[White "Baciu Diana"]
[BlackID "10202587"]
[Black "Shamima Akter Liza"]
[Result "0-1"]
[LiveChessVersion "1.4.3"]
[BlackElo "2147"]
[WhiteElo "2294"]

1. e4 {[%clk 1:30:57]} c5 {[%clk 1:30:44]} 2. Nf3 {[%clk 1:31:22]} e6
{[%clk 1:31:06]} 3. b3 {[%clk 1:31:46]} Nc6 {[%clk 1:29:25]} 4. Bb2
{[%clk 1:32:08]} d6 {[%clk 1:22:09]} 5. d4 {[%clk 1:31:27]} cxd4 {[%clk 1:21:56]}
6. Nxd4 {[%clk 1:31:52]} e5 {[%clk 1:16:47]} 7. Nxc6 {[%clk 1:32:16]} bxc6
{[%clk 1:17:13]} 8. Bd3 {[%clk 1:32:01]} Nf6 {[%clk 1:17:25]} 9. O-O
{[%clk 1:29:52]} Be7 {[%clk 1:16:03]} 10. Nd2 {[%clk 1:29:10]} O-O
{[%clk 1:12:43]} 11. Qe2 {[%clk 1:20:44]} Bg4 {[%clk 0:48:16]} 12. f3
{[%clk 1:18:35]} Be6 {[%clk 0:47:34]} 13. f4 {[%clk 1:06:08]} exf4
{[%clk 0:35:47]} 14. Rxf4 {[%clk 1:05:24]} Nd7 {[%clk 0:29:28]} 15. Bc4
{[%clk 0:54:27]} Bg5 {[%clk 0:20:02]} 16. Rff1 {[%clk 0:46:35]} Nc5
{[%clk 0:11:37]} 17. Rad1 {[%clk 0:42:09]} Qe7 {[%clk 0:07:49]} 18. e5
{[%clk 0:31:49]} d5 {[%clk 0:06:42]} 19. Bd3 {[%clk 0:32:13]} Nxd3
{[%clk 0:05:59]} 20. cxd3 {[%clk 0:32:27]} Qc5+ {[%clk 0:02:35]} 21. d4
{[%clk 0:26:10]} Qc2 {[%clk 0:02:51]} 22. Ba3 {[%clk 0:26:26]} Rfc8
{[%clk 0:02:58]} 23. Bb4 {[%clk 0:25:41]} a5 {[%clk 0:02:26]} 24. Bc5
{[%clk 0:20:48]} Qxa2 {[%clk 0:01:25]} 25. Qd3 {[%clk 0:20:41]} Rcb8
{[%clk 0:01:08]} 26. Bd6 {[%clk 0:15:12]} Rb6 {[%clk 0:00:46]} 27. Qc3
{[%clk 0:09:43]} Bxd2 {[%clk 0:00:50]} 28. Rxd2 {[%clk 0:10:00]} Qxb3
{[%clk 0:01:19]} 29. Qxb3 {[%clk 0:09:22]} Rxb3 {[%clk 0:01:44]} 30. Ra2
{[%clk 0:08:45]} h5 {[%clk 0:00:47]} 31. Rfa1 {[%clk 0:08:19]} Bf5
{[%clk 0:00:48]} 32. Rxa5 {[%clk 0:05:02]} Rxa5 {[%clk 0:01:11]} 33. Rxa5
{[%clk 0:05:28]} Rb2 {[%clk 0:00:37]} 34. Ra8+ {[%clk 0:04:44]} Kh7
{[%clk 0:01:01]} 35. Rb8 {[%clk 0:04:43]} Rd2 {[%clk 0:01:11]} 36. Bc5
{[%clk 0:02:36]} h4 {[%clk 0:00:36]} 37. Rb3 {[%clk 0:01:47]} Be4
{[%clk 0:00:49]} 38. g3 {[%clk 0:01:02]} h3 {[%clk 0:01:04]} 39. g4
{[%clk 0:01:00]} Rg2+ {[%clk 0:01:07]} 40. Kf1 {[%clk 0:01:25]} Rxh2
{[%clk 0:01:25]} 41. e6 {[%clk 0:29:43]} fxe6 {[%clk 0:29:06]} 42. Bd6
{[%clk 0:27:29]} Rh1+ {[%clk 0:21:35]} 43. Kf2 {[%clk 0:27:54]} Kg6
{[%clk 0:21:12]} 44. Be5 {[%clk 0:25:58]} Rd1 {[%clk 0:13:15]} 45. Rxh3
{[%clk 0:20:36]} Rd2+ {[%clk 0:13:07]} 46. Kg3 {[%clk 0:19:17]} Rc2
{[%clk 0:11:54]} 47. Rh8 {[%clk 0:16:22]} Rc3+ {[%clk 0:10:33]} 48. Kf2
{[%clk 0:16:22]} Kg5 {[%clk 0:09:54]} 49. Bxg7 {[%clk 0:14:54]} Kxg4
{[%clk 0:10:12]} 50. Rc8 {[%clk 0:14:49]} Bg6 {[%clk 0:07:19]} 51. Ke2
{[%clk 0:11:21]} Kf4 {[%clk 0:07:02]} 52. Bf8 {[%clk 0:10:21]} Rc2+
{[%clk 0:02:53]} 53. Kd1 {[%clk 0:10:37]} Ke3 {[%clk 0:02:39]} 54. Bc5
{[%clk 0:08:08]} Rb2 {[%clk 0:00:56]} 55. Ba3 {[%clk 0:08:33]} Rb1+
{[%clk 0:00:40]} 56. Bc1+ {[%clk 0:09:01]} Kxd4 {[%clk 0:00:46]} 57. Rxc6
{[%clk 0:09:27]} Kd3 {[%clk 0:00:56]} 58. Ke1 {[%clk 0:08:52]} Bf5
{[%clk 0:01:06]} 59. Kf2 {[%clk 0:07:41]} d4 {[%clk 0:01:27]} 60. Bf4
{[%clk 0:06:12]} Rb2+ {[%clk 0:01:48]} 61. Ke1 {[%clk 0:06:08]} Re2+
{[%clk 0:01:33]} 62. Kf1 {[%clk 0:05:51]} Bh3+ {[%clk 0:01:03]} 63. Kg1
{[%clk 0:06:19]} Rg2+ {[%clk 0:01:13]} 64. Kh1 {[%clk 0:06:40]} Rg4
{[%clk 0:00:58]} 65. Kh2 {[%clk 0:05:11]} Rxf4 {[%clk 0:01:27]} 66. Kxh3
{[%clk 0:05:35]} e5 {[%clk 0:01:50]} 0-1

[Event "WCO2014"]
[Site "Tromso"]
[Date "2014.08.09"]
[Round "7.10"]
[WhiteID "10201734"]
[White "Khan Nazrana"]
[BlackID "13900196"]
[Black "Petrenko Svetlana"]
[Result "0-1"]
[LiveChessVersion "1.4.3"]
[BlackElo "2205"]
[WhiteElo "2001"]

1. d4 {[%clk 1:30:58]} d5 {[%clk 1:30:50]} 2. c4 {[%clk 1:31:22]} e6
{[%clk 1:31:16]} 3. Nf3 {[%clk 1:31:39]} Nf6 {[%clk 1:31:26]} 4. Nc3
{[%clk 1:32:02]} Be7 {[%clk 1:31:33]} 5. Bf4 {[%clk 1:32:12]} O-O
{[%clk 1:26:27]} 6. e3 {[%clk 1:31:00]} b6 {[%clk 1:25:00]} 7. Bd3
{[%clk 1:28:40]} Bb7 {[%clk 1:25:21]} 8. cxd5 {[%clk 1:28:01]} exd5
{[%clk 1:24:54]} 9. h3 {[%clk 1:27:13]} c5 {[%clk 1:22:12]} 10. Rc1
{[%clk 1:26:41]} Na6 {[%clk 1:16:55]} 11. O-O {[%clk 1:26:15]} Nc7
{[%clk 1:08:49]} 12. Re1 {[%clk 1:23:33]} Ne6 {[%clk 1:08:34]} 13. Bh2
{[%clk 1:18:47]} Ne4 {[%clk 1:04:29]} 14. Bb1 {[%clk 1:12:55]} f5
{[%clk 0:59:29]} 15. Ne5 {[%clk 1:09:04]} cxd4 {[%clk 0:48:59]} 16. exd4
{[%clk 1:08:18]} Nxd4 {[%clk 0:44:15]} 17. Qxd4 {[%clk 0:57:08]} Bc5
{[%clk 0:44:38]} 18. Qa4 {[%clk 0:52:39]} Bxf2+ {[%clk 0:40:07]} 19. Kh1
{[%clk 0:49:24]} Bxe1 {[%clk 0:38:21]} 20. Rxe1 {[%clk 0:45:32]} Qh4
{[%clk 0:32:47]} 21. Nf3 {[%clk 0:39:04]} Qf2 {[%clk 0:27:25]} 22. Qd4
{[%clk 0:31:24]} Qxb2 {[%clk 0:22:49]} 23. Nxe4 {[%clk 0:27:13]} Qxd4
{[%clk 0:23:06]} 24. Nxd4 {[%clk 0:27:22]} fxe4 {[%clk 0:23:03]} 25. Bc2
{[%clk 0:26:13]} Rac8 {[%clk 0:20:11]} 26. Bb3 {[%clk 0:25:47]} a5
{[%clk 0:17:35]} 27. Ne6 {[%clk 0:24:06]} Rf2 {[%clk 0:13:25]} 28. Bg3
{[%clk 0:22:08]} Rd2 {[%clk 0:12:44]} 29. Bf4 {[%clk 0:15:34]} Rd3
{[%clk 0:12:45]} 30. Bc7 {[%clk 0:14:28]} Kf7 {[%clk 0:11:13]} 31. Bxb6
{[%clk 0:04:45]} Rxb3 {[%clk 0:07:16]} 32. Ng5+ {[%clk 0:02:26]} Kg6
{[%clk 0:07:07]} 33. axb3 {[%clk 0:02:02]} Kxg5 {[%clk 0:07:34]} 34. Rf1
{[%clk 0:01:45]} Kg6 {[%clk 0:07:12]} 35. Bxa5 {[%clk 0:01:01]} d4
{[%clk 0:07:08]} 36. Bb6 {[%clk 0:01:00]} d3 {[%clk 0:07:05]} 37. Be3
{[%clk 0:01:16]} Rc2 {[%clk 0:07:02]} 38. Rd1 {[%clk 0:01:09]} Re2
{[%clk 0:06:49]} 39. Bf4 {[%clk 0:00:39]} Kf5 {[%clk 0:05:46]} 40. Bc1
{[%clk 0:00:40]} Bd5 {[%clk 0:04:45]} 41. b4 {[%clk 0:00:36]} Bb3
{[%clk 0:04:05]} 42. Rf1+ {[%clk 0:00:51]} Ke6 {[%clk 0:04:10]} 43. Bg5
{[%clk 0:31:00]} d2 {[%clk 0:27:19]} 0-1

[Event "WCO2014"]
[Site "Tromso"]
[Date "2014.08.09"]
[Round "7.11"]
[WhiteID "13904108"]
[White "Hincu Olga"]
[BlackID "10200096"]
[Black "Hamid Rani"]
[Result "1-0"]
[LiveChessVersion "1.4.3"]
[BlackElo "1995"]
[WhiteElo "2027"]

1. d4 {[%clk 1:30:58]} Nf6 {[%clk 1:30:54]} 2. Nf3 {[%clk 1:31:25]} e6
{[%clk 1:30:50]} 3. c4 {[%clk 1:31:51]} b6 {[%clk 1:30:51]} 4. a3
{[%clk 1:32:16]} Bb7 {[%clk 1:30:52]} 5. Nc3 {[%clk 1:32:35]} Be7
{[%clk 1:30:41]} 6. d5 {[%clk 1:32:43]} exd5 {[%clk 1:29:49]} 7. cxd5
{[%clk 1:33:05]} O-O {[%clk 1:30:11]} 8. e4 {[%clk 1:33:24]} d6 {[%clk 1:30:11]}
9. Bd3 {[%clk 1:32:49]} Nbd7 {[%clk 1:29:02]} 10. O-O {[%clk 1:31:48]} Ne5
{[%clk 1:29:15]} 11. Bc2 {[%clk 1:29:02]} Nxf3+ {[%clk 1:27:12]} 12. Qxf3
{[%clk 1:27:52]} Nd7 {[%clk 1:27:25]} 13. Qh5 {[%clk 1:24:17]} g6
{[%clk 1:25:34]} 14. Qh3 {[%clk 1:19:13]} Bf6 {[%clk 1:23:35]} 15. f4
{[%clk 1:17:06]} Bg7 {[%clk 1:23:04]} 16. Be3 {[%clk 1:13:35]} Qe7
{[%clk 1:20:27]} 17. Rad1 {[%clk 1:08:02]} a5 {[%clk 1:15:43]} 18. Bd4
{[%clk 1:03:54]} Ba6 {[%clk 1:11:21]} 19. Bxg7 {[%clk 0:57:44]} Kxg7
{[%clk 1:11:45]} 20. Rfe1 {[%clk 0:57:57]} Rad8 {[%clk 1:07:26]} 21. b4
{[%clk 0:54:50]} axb4 {[%clk 1:05:27]} 22. axb4 {[%clk 0:55:16]} Qf6
{[%clk 1:05:10]} 23. b5 {[%clk 0:53:42]} Bc8 {[%clk 1:05:24]} 24. Qg3
{[%clk 0:49:39]} Nc5 {[%clk 1:02:34]} 25. e5 {[%clk 0:46:17]} dxe5
{[%clk 1:02:43]} 26. fxe5 {[%clk 0:46:26]} Qe7 {[%clk 1:02:47]} 27. d6
{[%clk 0:44:21]} cxd6 {[%clk 0:59:44]} 28. exd6 {[%clk 0:39:31]} Qd7
{[%clk 0:56:47]} 29. Re7 {[%clk 0:38:03]} Qg4 {[%clk 0:56:44]} 30. Qe5+
{[%clk 0:37:49]} Kh6 {[%clk 0:55:37]} 31. Nd5 {[%clk 0:29:21]} Bb7
{[%clk 0:49:28]} 32. Rd4 {[%clk 0:26:42]} Qg5 {[%clk 0:48:59]} 33. Qxg5+
{[%clk 0:26:43]} Kxg5 {[%clk 0:49:19]} 34. Nxb6 {[%clk 0:26:04]} Ne6
{[%clk 0:49:03]} 35. Rd1 {[%clk 0:24:01]} Ba8 {[%clk 0:47:40]} 36. Nd7
{[%clk 0:19:43]} Rfe8 {[%clk 0:45:46]} 37. Rf1 {[%clk 0:08:32]} Nd4
{[%clk 0:41:35]} 38. Bd3 {[%clk 0:07:54]} Nf5 {[%clk 0:38:17]} 39. Bxf5
{[%clk 0:06:55]} gxf5 {[%clk 0:38:45]} 40. Rxf7 {[%clk 0:06:11]} Kg6
{[%clk 0:37:37]} 41. R1xf5 {[%clk 0:03:50]} Bd5 {[%clk 0:32:32]} 42. R5f6+
{[%clk 0:02:20]} Kg5 {[%clk 0:32:56]} 43. Rg7+ {[%clk 0:02:28]} Kh5
{[%clk 0:33:01]} 44. g4+ {[%clk 0:02:49]} 1-0